01152nam a2200265 a 450000100100000000500170001000800410002702000180006804000250008608200170011124500950012826000350022330000270025859000260028565000290031165000310034065000280037165000330039965000330043291000380046595201300050395201150063395201210074899900170086900004548520250520140417.0150409s2013 dr a r 000 0 spa d a9789945885835 aDO-SdBNPbspacBNPHU a371.5bB928t00aBuen trato :bdisciplina con amor y límites: guía práctica para maestros de escuela. aSanto Domingo :bPACAM,c2013. a12 p. :bil. ;c30 cm. aInventariado, 2018/BT 4aDisciplinaescolar973536 4aDisciplina infantil937190 4aConducta infantil92724 0aPsicología infantil 92718 4aEducación de niños91753 aValidado. Control de calidad. MFF 001054708DSaGRbGRcHDd2017-09-01iLF1l0o371.5 B928tp45485-30r2020-06-25te. 3w2020-06-25yLFDSZPréstamo en sala 0010718PDaPDbPDcHDd2015-04-09iLF1l0o371.5 B928tp45485-10r2020-06-25w2020-06-25yLFPDZNo se presta 0010718PDaPDbPDcHDd2015-04-09iLF1l0o371.5 B928tp45485-20r2020-06-25te. 2w2020-06-25yLFPDZNo se presta c44974d44974